Al público (Record no. 185016)

MARC details
000 -LEADER
campo de control de longitud fija 00675nam a2200169 i 4500
001 - NÚMERO DE CONTROL
campo de control 185016
003 - IDENTIFICADOR DE NÚMERO DE CONTROL
campo de control ES-MaACL
005 - FECHA Y HORA DE LA ÚLTIMA TRANSACCIÓN
campo de control 20251012183637.0
008 - DATOS DE LONGITUD FIJA--INFORMACIÓN GENERAL
campo de control de longitud fija 160307s1877 sp |||| | spa d
245 00 - MENCIÓN DEL TÍTULO
Título Al público
Resto del título : la Comisión encargada de erigir un monumento cinerario a la memoria del ilustre patricio D. Manuel José Quintana en el acto de inaugurarlo.
260 ## - PUBLICACIÓN, DISTRIBUCIÓN, ETC.
Lugar de publicación, distribución, etc. Madrid :
Nombre del editor, distribuidor, etc. [s.n.,
Fecha de publicación, distribución, etc. 1877] (
Fabricante Imp. Fortanet)
300 ## - DESCRIPCIÓN FÍSICA
Extensión [4] p. ;
Dimensiones 26 cm.
590 0# - NOTA LOCAL (RLIN)
Nota local Ejemplar sin portada, tados tomados de principio y final del texto.
600 17 - PUNTO DE ACCESO ADICIONAL DE MATERIA--NOMBRE DE PERSONA
Nombre de persona Quintana, Manuel José,
Fechas asociadas al nombre 1772-1857-
Subdivisión general Monumentos
Fuente del encabezamiento o término
9 (RLIN) 158977
852 ## - LOCALIZACIÓN
Ubicación ES-MaACL
Número de control de estantería T-329-F-2
Holdings
Estatus retirado Estado de pérdida Estado de daño No para préstamo Colección Biblioteca de origen Biblioteca actual Ubicación en estantería Fecha de adquisición Fuente de adquisición Total de préstamos Signatura topográfica completa Código de barras Visto por última vez Precio de reemplazo Tipo de ítem Koha
        Colección de folletos Biblioteca del Ateneo de Madrid Biblioteca del Ateneo de Madrid Depósito folletos 07/03/2016     T-329-F-2 1194876 23/02/2023 23/02/2023 Folleto